[Event "AUTO-ADV-2036"]
[Site "http://www.queenalice.com/game.php?id=885495"]
[Date "2011.1.13"]
[Round "1"]
[White "UKopra"]
[Black "AMWAY"]
[Result "1-0"]
[WhiteElo "1795"]
[BlackElo "2071"]

1. d4 d5 2. c4 Nf6 3. Nc3 Nc6 4. Bg5 dxc4 5. Nf3 Bg4 6. e3 Be6 7. Bxf6 exf6 8.
d5 Bxd5 9. Nxd5 b5 10. a4 Ne7 11. Nxe7 Qxe7 12. axb5 Qb4+ 13. Nd2 Qxb2 14. Bxc4
Bb4 15. Rb1 Bxd2+ 16. Kf1 Qc3 17. Qb3 O-O 18. Ke2 Rad8 19. Rhd1 c5 20. bxc6 Qxb3
21. Rxb3 Ba5 22. Rc1 Rb8 23. Rb7 Rxb7 24. cxb7 Bc7 25. Ba6 Bd6 26. Rc8 h5 27.
Bb5 g5 28. Be8 h4 29. b8=Q Bxb8 30. Rxb8 Kg7 31. Ra8 f5 32. Bc6 Rxa8 33. Bxa8 a5
34. Bc6 Kf6 35. Kf3 Ke5 36. g3 g4+ 37. Kg2 h3+ 38. Kf1 Kd6 39. Be8 f6 40. Ke1
Kc5 41. Kd1 Kb4 42. Kc1 Kb3 43. Kb1 a4 44. Bd7 Kc3 45. Bxf5 Kd2 46. Bxg4 Ke1 47.
f4 Kf2 48. e4 Kg2 49. e5 fxe5 50. fxe5 Kxh2 51. e6 Kxg3 52. Bxh3 Kxh3 53. e7 a3
54. e8=Q a2+ 55. Kxa2 Kg4 56. Qf8 Kg5 57. Kb2 Kg6 58. Kc2 Kg5 59. Qf7 Kg4 60.
Qf6 Kg3 61. Qf5 Kg2 62. Qf4 Kh3 63. Kd2 Kg2 64. Ke2 Kh3 65. Qg5 Kh2 66. Kf2 Kh3
67. Qh5# 1-0

[Event "AUTO-ADV-2036"]
[Site "http://www.queenalice.com/game.php?id=885496"]
[Date "2011.1.13"]
[Round "1"]
[White "AMWAY"]
[Black "UKopra"]
[Result "1-0"]
[WhiteElo "1978"]
[BlackElo "1897"]

1. d4 Nf6 2. Nc3 d5 3. f3 Bf5 4. g4 Bg6 5. Bf4 e6 6. a3 c5 7. Nb5 Qb6 8. Nc7+
Kd8 9. Nxa8 Qxb2 10. Bxb8 Bxc2 11. Qc1 Qc3+ 12. Kf2 Qxd4+ 13. Ke1 Qc3+ 14. Kf2
Kd7 15. Ra2 Qd4+ 16. Qe3 Qxe3+ 17. Kxe3 Bb3 18. Rb2 c4 19. a4 Bd6 20. Bxd6 Kxd6
21. g5 Nh5 22. Nh3 Rxa8 23. Nf4 Nxf4 24. Kxf4 b6 25. e4 d4 26. Rxb3 cxb3 27. Bc4
b2 28. Rb1 Rc8 29. Bd3 Rc3 30. e5+ Ke7 31. Ke4 Rb3 32. Kxd4 Rb4+ 33. Kc3 Rxa4
34. Rxb2 Rh4 35. Be4 g6 36. Kb4 Rh5 37. f4 Rh4 38. Rf2 Kd7 39. Kb5 Kc7 40. Ka6
Kb8 41. Bc6 h6 42. Be8 hxg5 43. fxg5 Rg4 44. Rxf7 Ra4+ 45. Bxa4 1-0

[Event "AUTO-ADV-2036"]
[Site "http://www.queenalice.com/game.php?id=885505"]
[Date "2011.1.13"]
[Round "1"]
[White "AMWAY"]
[Black "agsantos"]
[Result "1-0"]
[WhiteElo "2015"]
[BlackElo "1501"]

1. e4 e5 2. Nf3 d6 3. Nc3 Nf6 4. d4 exd4 5. Nxd4 Be7 6. b4 O-O 7. Bc4 c5 8. bxc5
dxc5 9. Nf5 Qxd1+ 10. Nxd1 Bxf5 11. exf5 Nc6 12. Rb1 Nh5 13. Rxb7 Bf6 14. O-O
Na5 15. Bxf7+ Rxf7 16. Rb5 Nb7 17. Ba3 h6 18. Bxc5 Nxc5 19. Rxc5 Bd4 20. Rd5 Bf6
21. Nb2 Bxb2 22. c4 Nf4 23. Ra5 Rc8 24. c5 Rxf5 25. Rxa7 Rfxc5 26. h4 Rc1 27.
Rxc1 Rxc1+ 28. Kh2 Bd4 29. Ra4 Be5 30. g3 Nd3 31. f4 Bc7 32. Rd4 Nf2 33. a4 Ng4+
34. Kg2 Bb6 35. Rd6 Bc7 36. Re6 Rc4 37. Kf3 Nf6 38. Ra6 Kh7 39. f5 h5 40. Ra8
Rc5 41. Rc8 Rxf5+ 42. Kg2 Nd5 43. Ra8 Bb6 44. a5 Rf2+ 45. Kh3 Bc5 46. a6 Nc7 47.
Rc8 Nxa6 48. Rc6 Ra2 49. g4 Ra3+ 50. Kg2 hxg4 51. h5 1-0

[Event "AUTO-ADV-2036"]
[Site "http://www.queenalice.com/game.php?id=885506"]
[Date "2011.1.13"]
[Round "1"]
[White "agsantos"]
[Black "AMWAY"]
[Result "0-1"]
[WhiteElo "1774"]
[BlackElo "2023"]

1. e4 e5 2. Nf3 Nc6 3. Bb5 Nf6 4. Bxc6 dxc6 5. Nxe5 Nxe4 6. O-O Bc5 7. Qf3 Qd5
8. Nd3 Bd6 9. Re1 f5 10. Nf4 Bxf4 11. Nc3 Qd6 12. d3 Bxh2+ 13. Kf1 O-O 14. dxe4
fxe4 15. Qxe4 Bf5 16. Qh4 Bxc2 17. Bg5 Bg3 18. Qc4+ Kh8 19. Re6 Bd3+ 20. Ne2
Bxc4 21. Rxd6 cxd6 22. Be3 Bxe2+ 23. Kxe2 Be5 24. Rb1 Rae8 25. b3 Bd4 26. Rd1
Bxe3 27. fxe3 d5 28. a4 b5 29. a5 g5 30. Kd3 Rf2 31. b4 Rxg2 32. Rc1 Re6 33. Kd4
Re2 34. Rc3 g4 0-1

[Event "Challenge"]
[Site "http://www.queenalice.com/game.php?id=937842"]
[Date "2011.5.13"]
[Round "-"]
[White "AMWAY"]
[Black "Knightequila"]
[Result "0-1"]
[WhiteElo "1984"]
[BlackElo "2035"]

1. e4 c6 2. Nc3 d5 3. d4 dxe4 4. Nxe4 Bf5 5. Qf3 e6 6. Ne2 Qd5 7. N2g3 Bg6 8. c3
Nd7 9. Bf4 Ngf6 10. Bd3 Be7 11. O-O Nxe4 12. Bxe4 Bxe4 13. Nxe4 Nf6 14. Rfe1 O-O
15. a4 a5 16. Qd3 Nxe4 17. Qxe4 Rfd8 18. Bc7 Rd7 19. Qf4 Bd6 20. Bxd6 Qxd6 21.
Qh4 b5 22. f4 b4 23. Re3 c5 24. Rd1 bxc3 25. bxc3 Qb6 26. Red3 Rad8 27. Qf2 Qb3
28. Ra1 cxd4 29. Rad1 Qxa4 30. cxd4 Qc4 31. h4 Rb7 32. R3d2 a4 33. Qe2 Qxe2 34.
Rxe2 Rb4 35. Red2 a3 36. Ra2 Rb3 37. Rda1 Ra8 38. g4 Rg3+ 39. Kh2 Rxg4 40. Rxa3
Rxa3 41. Rxa3 h5 42. Kh3 Rxf4 43. Rd3 Kf8 44. Kg3 Rg4+ 45. Kh3 Ke7 46. d5 e5 47.
d6+ Kd7 48. Rd5 f6 49. Rd3 e4 0-1

[Event "Challenge"]
[Site "http://www.queenalice.com/game.php?id=938045"]
[Date "2011.5.14"]
[Round "-"]
[White "Knightequila"]
[Black "AMWAY"]
[Result "1-0"]
[WhiteElo "2019"]
[BlackElo "2015"]

1. Nf3 d5 2. e3 Bf5 3. d4 f6 4. c4 Nc6 5. Nc3 Nb4 6. Qa4+ Qd7 7. Qxb4 O-O-O 8.
cxd5 e6 9. dxe6 Bxe6 10. Qa4 Kb8 11. Qxd7 Rxd7 12. b3 Bb4 13. Bb2 Ne7 14. O-O-O
Nd5 15. Nxd5 Rxd5 16. Bc4 Rd6 17. e4 Bxc4 18. bxc4 Ra6 19. a3 Bxa3 20. Bxa3 Rxa3
21. Kb2 Ra5 22. e5 Re8 23. Rhe1 c5 24. exf6 Rxe1 25. Rxe1 gxf6 26. Re8+ Kc7 27.
Re7+ Kd6 28. Rxh7 cxd4 29. Rxb7 Rc5 30. Kb3 a5 31. Nxd4 a4+ 32. Kb4 a3 33. Rb6+
Ke5 34. Kxc5 1-0

[Event "Challenge"]
[Site "http://www.queenalice.com/game.php?id=943989"]
[Date "2011.5.29"]
[Round "-"]
[White "AMWAY"]
[Black "JabbaTheHutGoesMassive"]
[Result "1-0"]
[WhiteElo "1995"]
[BlackElo "1758"]

1. e4 c5 2. Nc3 e6 3. Bc4 g6 4. d4 cxd4 5. Qxd4 f6 6. e5 Nc6 7. Qh4 Nxe5 8. b3
Nxc4 9. bxc4 Bb4 10. Ne2 Qa5 11. Bb2 b5 12. O-O bxc4 13. Qxc4 Ba6 14. Qe4 Rc8
15. Qe3 Ne7 16. Qxa7 Bxe2 17. Qxa5 Bxa5 18. Nxe2 O-O 19. Rac1 Bd2 20. Ra1 Rxc2
21. Ba3 Rf7 22. Nd4 Rc8 23. Rad1 Bc3 24. Nb5 Be5 25. Rxd7 Rc6 26. Bxe7 Ra6 27.
Nd6 Bxd6 28. Rxd6 Rxd6 29. Bxd6 Rd7 30. Bc5 h5 31. a4 Rc7 32. Bb6 1-0

[Event "Challenge"]
[Site "http://www.queenalice.com/game.php?id=943990"]
[Date "2011.5.29"]
[Round "-"]
[White "JabbaTheHutGoesMassive"]
[Black "AMWAY"]
[Result "0-1"]
[WhiteElo "1662"]
[BlackElo "1920"]

1. Nf3 Nc6 2. c3 e5 3. Qc2 d5 4. e3 Qf6 5. Be2 Bf5 6. d3 O-O-O 7. e4 dxe4 8.
dxe4 Bg6 9. Bg5 Qd6 10. Bxd8 Qxd8 11. O-O Nf6 12. Rd1 Bd6 13. Na3 Nxe4 14. Bd3
Ng5 15. Bxg6 hxg6 16. Nxg5 Qxg5 17. Nc4 Bc5 18. b4 Qh4 19. h3 Bxf2+ 20. Qxf2
Qxc4 21. b5 Qxb5 22. Qxf7 Qc5+ 23. Kh2 Qxc3 24. Qd7+ Kb8 25. Qxg7 Rc8 26. Qxg6
Qc4 27. Qf6 a5 28. Rab1 Ka8 29. Qf5 Rg8 30. Qd7 Kb8 31. Kh1 Qe4 32. Qd2 a4 33.
Qb2 b6 34. Re1 Qd5 35. Rbd1 Nd4 36. Re2 b5 37. Red2 Rg3 0-1

[Event "Challenge"]
[Site "http://www.queenalice.com/game.php?id=946917"]
[Date "2011.6.7"]
[Round "-"]
[White "pdunlop"]
[Black "AMWAY"]
[Result "1-0"]
[WhiteElo "2149"]
[BlackElo "1927"]

1. a3 e5 2. c4 Nc6 3. Nc3 Nf6 4. Nf3 d5 5. cxd5 Nxd5 6. Qc2 Nd4 7. Nxd4 exd4 8.
Qa4+ c6 9. Qxd4 Be6 10. d3 b5 11. Ne4 Qa5+ 12. Bd2 b4 13. Ng5 Rd8 14. Nxe6 fxe6
15. Qe4 Rd6 16. g3 Qa6 17. Bh3 c5 18. O-O b3 19. Bxe6 Rxe6 20. Qxd5 Rxe2 21.
Qh5+ g6 22. Qxe2+ Be7 23. Rfe1 Qf6 24. Bc3 Qf8 25. Qe6 Rg8 26. Re5 Kd8 27. Qc6
Bd6 28. Ba5+ Bc7 29. Qxc7# 1-0

[Event "AUTO-INT-1920"]
[Site "http://www.queenalice.com/game.php?id=950828"]
[Date "2011.6.16"]
[Round "2"]
[White "AMWAY"]
[Black "fabianobueno21"]
[Result "1-0"]
[WhiteElo "1909"]
[BlackElo "1971"]

1. e4 e5 2. b3 Bc5 3. Bc4 Nf6 4. d3 Ng4 5. Qxg4 g6 6. Nf3 d6 7. Qg3 Nc6 8. Bh6
Nb4 9. Na3 c6 10. c3 Na6 11. b4 Bb6 12. Ng5 d5 13. Qxe5+ 1-0

[Event "AUTO-INT-1920"]
[Site "http://www.queenalice.com/game.php?id=950829"]
[Date "2011.6.16"]
[Round "2"]
[White "fabianobueno21"]
[Black "AMWAY"]
[Result "1-0"]
[WhiteElo "1914"]
[BlackElo "1932"]

1. e4 d6 2. d4 f5 3. Nc3 c6 4. Bc4 Qa5 5. Bd2 Qb6 6. Bg5 Qxb2 7. Bd2 fxe4 8. Rb1
Qa3 9. Rb3 Qa5 10. Nxe4 Qxa2 11. Rc3 Qb2 12. Ng5 d5 13. Bxd5 Nh6 14. Bc4 Na6 15.
N1f3 Bg4 16. O-O Bxf3 17. Nxf3 b5 18. Be6 Nc7 19. Rxc6 Nxe6 20. Rxe6 Nf5 21. d5
O-O-O 22. Rc6+ Kb7 23. Qb1 Qxb1 24. Rxb1 Rxd5 25. Re6 Nd4 26. Nxd4 Rxd4 27.
Rxb5+ Ka8 28. Bb4 h5 29. Kf1 Rh6 30. Rxh6 gxh6 31. c3 Rh4 32. h3 Bg7 33. Bxe7
Rc4 34. Bb4 h4 35. Ke2 Bxc3 36. Bxc3 Rxc3 37. Rd5 Kb7 38. f4 Rg3 39. Kf2 Ra3 40.
Rh5 Ra6 41. Rxh4 Rf6 42. Ke3 Re6+ 43. Kd4 Kc6 44. g4 Kd6 45. g5 hxg5 46. fxg5
Ke7 47. Re4 Kf7 48. Rxe6 Kxe6 49. Kc5 Ke5 50. Kb5 Kf4 51. h4 Kf5 52. Ka6 Kg6 53.
Kxa7 Kh5 54. Kb7 Kg6 55. Kc7 Kh5 56. Kd7 Kg6 57. Ke6 Kg7 58. Kf5 Kf7 59. g6+ Ke7
60. Kg5 Ke6 61. Kh6 Ke7 62. Kh7 1-0

[Event "AUTO-ADV-2036"]
[Site "http://www.queenalice.com/game.php?id=955557"]
[Date "2011.7.1"]
[Round "2"]
[White "Champignac"]
[Black "AMWAY"]
[Result "0-1"]
[WhiteElo "2014"]
[BlackElo "1919"]

1. e4 e5 2. f4 Nc6 3. Nf3 d5 4. exd5 Qxd5 5. Nc3 Qc5 6. Ne4 Qa5 7. Bc4 b5 8. Bd5
Bd7 9. Nxe5 Nge7 10. Nxd7 Nxd5 11. Ndc5 Nxf4 12. O-O g5 13. Qg4 Bxc5+ 14. Nxc5
Qb6 15. Re1+ Ne6 16. b4 O-O-O 17. c3 h5 18. Qf5 Rhf8 19. d4 Ne7 20. Qf6 Nd5 21.
Qe5 Nxc3 22. Bd2 Nd5 23. Nxe6 fxe6 24. a4 Nf4 25. Bxf4 gxf4 26. axb5 Rf5 27. Qe4
Rxd4 28. Qa8+ Kd7 29. Kh1 Rxb4 30. Rad1+ Rd4 31. Rxd4+ Qxd4 32. Qc6+ Kc8 33. h3
Re5 34. Rc1 Qb6 35. Qe8+ Kb7 36. Rc6 Re1+ 37. Kh2 Qg1# 0-1

[Event "AUTO-ADV-2036"]
[Site "http://www.queenalice.com/game.php?id=955558"]
[Date "2011.7.1"]
[Round "2"]
[White "AMWAY"]
[Black "Champignac"]
[Result "1-0"]
[WhiteElo "1898"]
[BlackElo "2035"]

1. e4 d5 2. Nc3 d4 3. Nce2 e5 4. Nf3 Bd6 5. d3 Bg4 6. h3 Bxf3 7. gxf3 Nc6 8. f4
Nf6 9. c4 exf4 10. Bxf4 Ne5 11. Nxd4 Bb4+ 12. Ke2 Qxd4 13. Bxe5 Qxe5 14. Qa4+ c6
15. Qxb4 b6 16. Bg2 Nh5 17. Qc3 Qxc3 18. bxc3 Nf4+ 19. Kf3 Nxd3 20. Bf1 Ne5+ 21.
Ke3 c5 22. f4 Ng6 23. h4 h5 24. Bg2 O-O-O 25. a4 Rhe8 26. a5 bxa5 27. Rxa5 Kb7
28. Rxc5 Kb6 29. Rxh5 f6 30. Rb1+ Kc6 31. Rbb5 Ne7 32. Rhc5+ Kd6 33. Bh3 g6 34.
e5+ 1-0

[Event "AUTO-ADV-2036"]
[Site "http://www.queenalice.com/game.php?id=955561"]
[Date "2011.7.1"]
[Round "2"]
[White "RandyShane"]
[Black "AMWAY"]
[Result "1-0"]
[WhiteElo "2113"]
[BlackElo "1906"]

1. e4 e5 2. Nf3 Nc6 3. Bb5 Qf6 4. c3 Nge7 5. d4 a6 6. Ba4 h6 7. dxe5 Nxe5 8.
Nxe5 Qxe5 9. Qd4 Ng6 10. Qxe5+ Nxe5 11. O-O c5 12. Bc2 c4 13. Bf4 d6 14. Nd2 b5
15. Rad1 Bb7 16. a4 g5 17. Bxe5 dxe5 18. Nf3 f6 19. Rd2 Be7 20. Rfd1 Bc6 21.
axb5 axb5 22. g3 b4 23. cxb4 Bxb4 24. Re2 Ra2 25. Rb1 Bb5 26. Bd1 c3 27. Re3
cxb2 28. Rb3 Bc3 29. Rxc3 Kf7 30. Bb3+ Kg7 31. Bxa2 Be2 32. Rxb2 1-0

[Event "AUTO-ADV-2036"]
[Site "http://www.queenalice.com/game.php?id=955562"]
[Date "2011.7.1"]
[Round "2"]
[White "AMWAY"]
[Black "RandyShane"]
[Result "0-1"]
[WhiteElo "1915"]
[BlackElo "2102"]

1. e4 d6 2. d4 Nf6 3. f3 g6 4. b3 Bg7 5. Nc3 O-O 6. Bc4 e6 7. Ba3 Re8 8. Nge2 b6
9. d5 e5 10. f4 Na6 11. b4 exf4 12. Bb5 Re7 13. O-O Nxe4 14. Qd3 Nxc3 15. Nxc3
Re3 16. Qc4 Rxc3 17. Qxf4 Bf5 18. Bb2 Be5 19. Qxe5 dxe5 20. Bxc3 Nb8 21. Bxe5
Qxd5 22. Bc3 Qxb5 23. Rad1 Nc6 24. h3 a5 25. bxa5 Nxa5 26. Rb1 Qc5+ 0-1